[Event "Sparkassen-Open A"]
[Site "Heusenstamm, Martinsee"]
[Date "2025.11.21"]
[Round "3.12"]
[White "Waffenschmidt, Joachim"]
[Black "Hourigan, Gerrit"]
[Result "0-1"]
[WhiteElo "2024"]
[BlackElo "2279"]
[PlyCount "106"]
[EventDate "2025.11.20"]
[WhiteTeam "SV 1920 Hofheim"]
[BlackTeam "SF Hamburg e.V. 1934"]

1. d4 Nf6 2. c4 e6 3. Nf3 d5 4. Nc3 dxc4 5. e3 a6 6. Bxc4 b5 7. Bb3 Bb7 8. O-O c5 9. dxc5 Nbd7 10. c6 Bxc6 11. Nd4 Bb7 12. a3 Qb8 13. Ba2 Bd6 14. h3 O-O 15. Qe2 Rd8 16. Rd1 Ne5 17. e4 Bc5 18. Be3 Qa7 19. Nf3 Bxe3 20. Nxe5 Bd4 21. Ng4 Bxc3 22. bxc3 Nxe4 23. Rd3 Qc5 24. c4 b4 25. axb4 Qxb4 26. Rb3 Qe7 27. Qb2 Bc6 28. Bb1 Qc5 29. Bxe4 Bxe4 30. Rg3 Bg6 31. Ne3 Rdb8 32. Qc3 a5 33. h4 Qb4 34. Qe5 h5 35. Rd1 Rd8 36. Rxd8+ Rxd8 37. c5 Qb5 38. Qc7 Ra8 39. c6 Be4 40. Qf4 Qxc6 41. Rg5 a4 42. Rxh5 a3 43. Ng4 a2 44. Nf6+ gxf6 45. Qh6 a1=Q+ 46. Kh2 Qe5+ 47. Rxe5 fxe5 48. Qg5+ Kf8 49. h5 Bxg2 50. h6 Be4 51. Qxe5 Ke7 52. Qg5+ Kd7 53. Qf6 Qd6+ 0-1

[Event "Sparkassen-Open A"]
[Site "Heusenstamm, Martinsee"]
[Date "2025.11.21"]
[Round "3.13"]
[White "Browning, Alex"]
[Black "Reitz, Philipp"]
[Result "1-0"]
[WhiteElo "2283"]
[BlackElo "2046"]
[PlyCount "105"]
[EventDate "2025.11.20"]
[WhiteTeam "SG Porz e. V."]
[BlackTeam "VfR-SC Koblenz"]

1. c4 e5 2. Nc3 Nc6 3. g3 f5 4. Bg2 Nf6 5. d3 Bb4 6. Bd2 Bxc3 7. Bxc3 d6 8. e3 O-O 9. Ne2 Qe8 10. Qd2 Rb8 11. h3 Nd8 12. f4 b6 13. O-O Bb7 14. fxe5 dxe5 15. Rxf5 Bxg2 16. Kxg2 Qc6+ 17. e4 Nf7 18. Raf1 Rbd8 19. Qe3 Qd6 20. Nc1 Rfe8 21. g4 Rd7 22. Qg3 Rde7 23. Ne2 Rd8 24. g5 Nh5 25. Qf3 Qg6 26. Bd2 h6 27. h4 Red7 28. Nc1 Nd6 29. Rf8+ Rxf8 30. Qxf8+ Kh7 31. Qf2 Rf7 32. Qe2 Rxf1 33. Qxf1 hxg5 34. hxg5 Nf7 35. Qf5 Qxf5 36. exf5 Nd6 37. Kf3 Nxf5 38. Ke4 Nd4 39. Be3 Nc2 40. Bd2 Nd4 41. Nb3 Ng3+ 42. Kxe5 Nf3+ 43. Kf4 Nxd2 44. Nxd2 Ne2+ 45. Ke4 Kg6 46. Nf3 c5 47. a3 Ng3+ 48. Ke5 Kh5 49. b4 cxb4 50. axb4 a5 51. c5 a4 52. cxb6 a3 53. Nd4 1-0

[Event "Sparkassen-Open A"]
[Site "Heusenstamm, Martinsee"]
[Date "2025.11.21"]
[Round "3.14"]
[White "Wilhelm, Jochen"]
[Black "Panjer, Sidney"]
[Result "1/2-1/2"]
[WhiteElo "2031"]
[BlackElo "2287"]
[PlyCount "63"]
[EventDate "2025.11.20"]
[WhiteTeam "SC 1970 Lorsch"]
[BlackTeam "Krefelder SK Turm 1851 e"]

1. e4 c5 2. Nf3 Nc6 3. Bb5 e6 4. O-O Nge7 5. Re1 Nd4 6. Bf1 Nec6 7. Nxd4 cxd4 8. c3 a6 9. d3 Bc5 10. a4 Ba7 11. Nd2 O-O 12. Nf3 d6 13. cxd4 Nxd4 14. Be3 Qf6 15. Nxd4 Bxd4 16. Bxd4 Qxd4 17. Qb3 e5 18. a5 Be6 19. Qc3 Qa7 20. Qb4 Rad8 21. Rac1 Rd7 22. d4 Qxd4 23. Qxd4 exd4 24. Red1 f6 25. Rxd4 d5 26. exd5 Rxd5 27. Rxd5 Bxd5 28. Bc4 Bxc4 29. Rxc4 Re8 30. f4 Kf7 31. Kf2 Re7 32. Kf3 1/2-1/2

[Event "Sparkassen-Open A"]
[Site "Heusenstamm, Martinsee"]
[Date "2025.11.21"]
[Round "3.15"]
[White "Pajeken, Jakob Leon"]
[Black "Steigleder, Maximilian"]
[Result "1-0"]
[WhiteElo "2467"]
[BlackElo "2037"]
[PlyCount "107"]
[EventDate "2025.11.20"]
[WhiteTeam "SK Doppelbauer Kiel von 1910 e.V"]
[BlackTeam "Sfr.1932 Kelkheim"]

1. Nf3 Nf6 2. c4 g6 3. b3 Bg7 4. Bb2 O-O 5. g3 c5 6. Bg2 Nc6 7. O-O d5 8. cxd5 Nxd5 9. Bxg7 Kxg7 10. Qc1 b6 11. d4 Nxd4 12. Nxd4 cxd4 13. Qc4 Be6 14. Qxd4+ Nf6 15. Qb2 Rc8 16. Na3 Rc5 17. Rfd1 Qc7 18. b4 Qe5 19. Qxe5 Rxe5 20. e4 Rc8 21. f4 Rxe4 22. Bxe4 Nxe4 23. Nb5 Nc3 24. Nxc3 Rxc3 25. Rac1 Ra3 26. Rd2 b5 27. Kf2 a5 28. bxa5 Rxa5 29. Rcc2 Ra3 30. Re2 Kf6 31. Rc6 Kg7 32. Rcc2 Kf6 33. Re5 Bxa2 34. Rxb5 Be6 35. Re2 h5 36. Rb6 Kg7 37. Rb7 Kf6 38. h4 Rf3+ 39. Kxf3 Bd5+ 40. Ke3 Bxb7 41. Kd4 Bc8 42. Re5 e6 43. Kc5 Bd7 44. Kd6 Ba4 45. Rc5 Be8 46. Ra5 Kg7 47. Ra8 Bb5 48. Ke7 Bc4 49. Rc8 Bd5 50. Rf8 e5 51. fxe5 Be6 52. Rb8 Bg4 53. Rb6 Bf5 54. Rf6 1-0

[Event "Sparkassen-Open A"]
[Site "Heusenstamm, Martinsee"]
[Date "2025.11.21"]
[Round "3.16"]
[White "Steinle, Carsten"]
[Black "Hagner, Bennet"]
[Result "0-1"]
[WhiteElo "2080"]
[BlackElo "2461"]
[PlyCount "52"]
[EventDate "2025.11.20"]
[WhiteTeam "Schachverein Ahlen 1954 e. V."]
[BlackTeam "OSG Baden-Baden"]

1. Nf3 Nf6 2. b3 d5 3. Bb2 Bf5 4. e3 e6 5. d4 Bd6 6. Bd3 Ne4 7. Nbd2 Nd7 8. O-O Qf6 9. Re1 g5 10. Nf1 h5 11. Bxe4 dxe4 12. N3d2 h4 13. f3 exf3 14. Qxf3 g4 15. Qxb7 Rb8 16. Qc6 Rb6 17. Qc4 g3 18. e4 Bg4 19. Re2 Rb4 20. Qd3 Nc5 21. dxc5 Bxc5+ 22. Kh1 Qxb2 23. Rb1 Bxe2 24. Rxb2 Bxd3 25. cxd3 Rd4 26. Rc2 Bb6 0-1

[Event "Sparkassen-Open A"]
[Site "Heusenstamm, Martinsee"]
[Date "2025.11.21"]
[Round "3.17"]
[White "Schreidl, Michael"]
[Black "Heimrath, Reiner"]
[Result "0-1"]
[WhiteElo "2027"]
[BlackElo "2149"]
[PlyCount "70"]
[EventDate "2025.11.20"]
[WhiteTeam "SK Frankenthal"]
[BlackTeam "SC Noris-Tarrasch Nürnberg 1873"]

1. d4 Nf6 2. c4 c5 3. d5 Ne4 4. f3 Qa5+ 5. Nd2 Nd6 6. e4 g6 7. Kf2 Bg7 8. Nb3 Qc7 9. Qc2 f5 10. Bd3 O-O 11. Ne2 b5 12. Bf4 bxc4 13. Bxc4 fxe4 14. Bxd6 Qxd6 15. Qxe4 Bxb2 16. Rab1 Bg7 17. Qe3 Ba6 18. Qd3 Kh8 19. Ng3 Bxc4 20. Qxc4 Qa6 21. Qxa6 Nxa6 22. Rhe1 Rfe8 23. Ne4 d6 24. Ng5 Nb4 25. Red1 Nxa2 26. Rd2 Nc3 27. Re1 a5 28. Ne6 a4 29. Nc1 Ra7 30. Na2 Nxa2 31. Rxa2 Rb8 32. Re4 a3 33. Kg3 Rb2 34. Ra1 Be5+ 35. Kh3 Rb4 0-1

[Event "Sparkassen-Open A"]
[Site "Heusenstamm, Martinsee"]
[Date "2025.11.21"]
[Round "3.18"]
[White "Holtel, Jasper"]
[Black "Wachsmann, Dietmar"]
[Result "1/2-1/2"]
[WhiteElo "2365"]
[BlackElo "2012"]
[PlyCount "69"]
[EventDate "2025.11.20"]
[WhiteTeam "SK Doppelbauer Kiel von 1910 e.V"]
[BlackTeam "SC Groß-Umstadt"]

1. c4 e6 2. g3 d5 3. Bg2 c5 4. Nf3 Nc6 5. O-O d4 6. e3 Nf6 7. exd4 cxd4 8. d3 h6 9. Bf4 Nd7 10. Na3 Bxa3 11. bxa3 Nc5 12. Ne5 O-O 13. Nxc6 bxc6 14. Bxc6 Bb7 15. Bxb7 Nxb7 16. Rb1 Nc5 17. Qf3 Qf6 18. Qe2 Rfd8 19. Bc7 Rd7 20. Ba5 Qf5 21. Rfd1 Rb7 22. Bb4 Rab8 23. Qc2 a5 24. Bxc5 Qxc5 25. Rxb7 Rxb7 26. Rb1 Rxb1+ 27. Qxb1 Qxa3 28. Kf1 Qc3 29. Ke2 a4 30. Kd1 a3 31. Qc2 Qa1+ 32. Ke2 Qb2 33. Kd2 Qb4+ 34. Kd1 Kf8 35. h4 1/2-1/2

[Event "Sparkassen-Open A"]
[Site "Heusenstamm, Martinsee"]
[Date "2025.11.21"]
[Round "3.19"]
[White "Mester, Philipp"]
[Black "Finke, Kelsie Josefine"]
[Result "1-0"]
[WhiteElo "2285"]
[BlackElo "2070"]
[PlyCount "81"]
[EventDate "2025.11.20"]
[WhiteTeam "SVG CAISSA Kassel"]
[BlackTeam "SC Garching 1980 e.V."]

1. Nf3 d5 2. d4 Nf6 3. c4 dxc4 4. e3 e6 5. Nc3 c5 6. Bxc4 a6 7. O-O Be7 8. Qe2 b5 9. Bd3 Bb7 10. Rd1 Nbd7 11. e4 c4 12. Bc2 b4 13. Na4 Rc8 14. a3 a5 15. axb4 axb4 16. Nc5 Nxc5 17. dxc5 Qc7 18. Qxc4 O-O 19. e5 Bxf3 20. exf6 Bxd1 21. fxe7 Qxe7 22. Bxd1 Qxc5 23. Qxc5 Rxc5 24. Bd2 Rb5 25. Be2 Rb6 26. Bc4 b3 27. Bc3 h6 28. Kf1 Rc8 29. Ra4 Kf8 30. Ke2 g5 31. Rb4 Rcb8 32. Rxb6 Rxb6 33. Bd4 Rb7 34. Kd3 Ke7 35. Kc3 Kd6 36. Be3 f5 37. Bxb3 Ke5 38. Bc4 f4 39. Bd4+ Ke4 40. f3+ Kf5 41. Bd3# 1-0

[Event "Sparkassen-Open A"]
[Site "Heusenstamm, Martinsee"]
[Date "2025.11.21"]
[Round "3.20"]
[White "Paeslack, Luis"]
[Black "Eilers, Stefan"]
[Result "0-1"]
[WhiteElo "2054"]
[BlackElo "2280"]
[PlyCount "70"]
[EventDate "2025.11.20"]
[WhiteTeam "SC Aschaffenburg e.V."]
[BlackTeam "SAbt SG 1945 Dietzenbach"]

1. d4 d6 2. e4 Nf6 3. Nc3 e5 4. Nf3 Nbd7 5. Bc4 Be7 6. O-O O-O 7. Be3 c6 8. a4 h6 9. a5 Nxe4 10. Nxe4 d5 11. Nc5 exd4 12. Nxd7 Qxd7 13. Qxd4 Bf6 14. Qc5 dxc4 15. Qxc4 Bxb2 16. Rab1 Bf6 17. Rfd1 Qc7 18. Qa4 Bf5 19. Bf4 Qc8 20. Nd4 Bg6 21. h3 b5 22. axb6 axb6 23. Qb3 c5 24. Nb5 c4 25. Qf3 Bxc2 26. Rd6 Bxb1 27. Rxf6 Bg6 28. Rxb6 Qf5 29. Be3 Rfd8 30. Nd4 Qe4 31. Nc6 Re8 32. Nd4 c3 33. Rc6 Rac8 34. Rc7 c2 35. Kh2 c1=Q 0-1

[Event "Sparkassen-Open A"]
[Site "Heusenstamm, Martinsee"]
[Date "2025.11.21"]
[Round "3.21"]
[White "Papadopoulos, Ioannis"]
[Black "Stein, Marco"]
[Result "1-0"]
[WhiteElo "2240"]
[BlackElo "2059"]
[PlyCount "191"]
[EventDate "2025.11.20"]
[WhiteTeam "SV Oberursel"]
[BlackTeam "SV Alsfeld"]

1. e4 c6 2. d4 d5 3. Nd2 dxe4 4. Nxe4 Nf6 5. Nxf6+ exf6 6. c3 Bd6 7. Bd3 O-O 8. Ne2 Re8 9. Qc2 h5 10. O-O Nd7 11. Ng3 Qc7 12. f4 h4 13. Nf5 h3 14. gxh3 Nf8 15. Nxd6 Qxd6 16. f5 c5 17. Qg2 Kh8 18. Bf4 Qb6 19. dxc5 Qxc5+ 20. Qf2 Qxf2+ 21. Kxf2 Bd7 22. Rg1 Bc6 23. Rae1 Red8 24. Rg3 Rd7 25. Bc4 b5 26. Bb3 a5 27. Reg1 g5 28. Be3 Be4 29. Bd4 Nh7 30. h4 a4 31. Bd1 Bxf5 32. hxg5 Rd6 33. gxf6 Bg6 34. Rh3 Kg8 35. Bh5 Nxf6 36. Bxg6 fxg6 37. Rxg6+ Kf7 38. Rxf6+ Rxf6+ 39. Bxf6 Kxf6 40. Rh6+ Ke7 41. Ke3 Rg8 42. Rb6 Rg5 43. h4 Rh5 44. Kd2 Kd7 45. c4 bxc4 46. Ra6 Rxh4 47. Kc3 a3 48. Rxa3 Rh3+ 49. Kb4 Rh2 50. Ra7+ Kc6 51. Kc3 Rh4 52. Ra5 Rg4 53. Rf5 Rh4 54. Rg5 Rf4 55. Rh5 Rg4 56. Kb4 Rg2 57. Kc3 Rg4 58. a4 Rf4 59. a5 Rg4 60. Rf5 Rh4 61. Rg5 Rf4 62. a6 Kb6 63. Rg6+ Ka7 64. Rc6 Rf2 65. Rd6 Rf4 66. Rd4 Rf3+ 67. Kxc4 Kxa6 68. Kc5 Rf5+ 69. Kc6 Rf6+ 70. Kc5 Rf5+ 71. Kc4 Kb6 72. Rd6+ Kc7 73. Rh6 Rf4+ 74. Kb5 Rf5+ 75. Ka6 Rf4 76. Rh7+ Kc6 77. b3 Rb4 78. Rh3 Rb8 79. Rc3+ Kd5 80. Ka5 Ra8+ 81. Kb4 Rb8+ 82. Ka3 Ra8+ 83. Kb2 Rh8 84. b4 Rh2+ 85. Kb3 Rh1 86. b5 Rh4 87. Ka3 Rg4 88. b6 Rg8 89. Kb4 Ra8 90. Kb5 Ra1 91. b7 Rb1+ 92. Ka6 Ra1+ 93. Kb6 Rb1+ 94. Kc7 Kd4 95. Rc6 Kd5 96. Rb6 1-0

[Event "Sparkassen-Open A"]
[Site "Heusenstamm, Martinsee"]
[Date "2025.11.21"]
[Round "3.22"]
[White "Berkes, Alexander"]
[Black "Solonar, Stefan"]
[Result "1/2-1/2"]
[WhiteElo "2043"]
[BlackElo "2250"]
[PlyCount "67"]
[EventDate "2025.11.20"]
[WhiteTeam "SK Langen"]
[BlackTeam "SC Heusenstamm"]

1. e4 c5 2. Nf3 Nc6 3. Bb5 g6 4. O-O Bg7 5. Re1 Nf6 6. e5 Nd5 7. Nc3 Nc7 8. Bxc6 dxc6 9. Ne4 Ne6 10. d3 O-O 11. Be3 Nd4 12. Nxd4 cxd4 13. Bf4 Qd5 14. Nd2 Be6 15. Qf3 Qb5 16. b3 Bd5 17. Qh3 Qc5 18. Rac1 Rfd8 19. Bh6 Be6 20. Qh4 Bh8 21. Ne4 Qxe5 22. Qxe7 Rd7 23. Qh4 Qf5 24. Bg5 h5 25. Nf6+ Bxf6 26. Bxf6 Qg4 27. Qxg4 Bxg4 28. Re4 c5 29. Rce1 Be6 30. h3 Rd5 31. g4 hxg4 32. hxg4 Kf8 33. g5 Ke8 34. Re5 1/2-1/2

[Event "Sparkassen-Open A"]
[Site "Heusenstamm, Martinsee"]
[Date "2025.11.21"]
[Round "3.23"]
[White "Thomas, Tobias"]
[Black "Klundt, Klaus"]
[Result "0-1"]
[WhiteElo "1994"]
[BlackElo "2229"]
[PlyCount "100"]
[EventDate "2025.11.20"]
[WhiteTeam "SK Langen"]
[BlackTeam "SC Heusenstamm"]

1. e4 c5 2. Nf3 e6 3. c3 d5 4. exd5 Qxd5 5. d4 Nf6 6. Na3 a6 7. Nc4 Nbd7 8. a4 cxd4 9. Nxd4 Bc5 10. Be3 O-O 11. Nb3 Be7 12. a5 Qc6 13. Qf3 Qxf3 14. gxf3 Nd5 15. Rg1 N7f6 16. Bh6 Nh5 17. Ne3 Nxe3 18. fxe3 Kh8 19. Bg5 f6 20. Bh4 Bd7 21. Bh3 g5 22. Bf2 f5 23. Nd2 Bc6 24. Bf1 Rab8 25. Be2 Nf6 26. Nc4 Nd7 27. O-O-O Bd5 28. Bg3 Bc5 29. Bf2 h6 30. Rgf1 Kg7 31. Nd2 Bd6 32. h4 Ne5 33. hxg5 hxg5 34. e4 Bc6 35. Bd4 Kg6 36. Rg1 Nf7 37. exf5+ exf5 38. Bd3 Bf4 39. Kc2 Rfe8 40. Rdf1 Be3 41. Bxe3 Rxe3 42. Bc4 Ne5 43. Rxg5+ Kxg5 44. f4+ Kf6 45. fxe5+ Kxe5 46. Nb3 Ba4 47. Rh1 Re4 48. Bf7 Kf6 49. Rh7 Re7 50. Rh4 Re4 0-1

[Event "Sparkassen-Open A"]
[Site "Heusenstamm, Martinsee"]
[Date "2025.11.21"]
[Round "3.24"]
[White "Geltz, Noah"]
[Black "Bräutigam, Thomas"]
[Result "1-0"]
[WhiteElo "2224"]
[BlackElo "2016"]
[PlyCount "59"]
[EventDate "2025.11.20"]
[WhiteTeam "TSV Schönaich"]
[BlackTeam "SC 1957 Bad Königshofen e.V."]

1. d4 d5 2. Nf3 Nf6 3. Bf4 e6 4. e3 c5 5. Nbd2 Nc6 6. c3 Bd6 7. Bg3 O-O 8. Bd3 Re8 9. Ne5 Bxe5 10. dxe5 Nd7 11. f4 f5 12. c4 Nb6 13. O-O Nb4 14. Be2 d4 15. exd4 Qxd4+ 16. Bf2 Qxb2 17. Rb1 Qxa2 18. Bxc5 Na6 19. Bd6 Nd7 20. Qc1 Qa5 21. Bf3 Nac5 22. Rb5 Qd8 23. Rxc5 Nxc5 24. Bxc5 a5 25. Qc3 Qc7 26. Bd6 Qb6+ 27. c5 Qa6 28. Nc4 Bd7 29. Nb6 Bb5 30. Nxa8 1-0

[Event "Sparkassen-Open A"]
[Site "Heusenstamm, Martinsee"]
[Date "2025.11.21"]
[Round "3.25"]
[White "Villwock, Martin"]
[Black "Commercon, Simon"]
[Result "1/2-1/2"]
[WhiteElo "2041"]
[BlackElo "2198"]
[PlyCount "84"]
[EventDate "2025.11.20"]
[WhiteTeam "Schachfreunde Essen-Katernberg 0"]
[BlackTeam "SK Kaiserslautern 1905"]

1. e4 c5 2. Nf3 g6 3. h4 Nc6 4. h5 gxh5 5. Bc4 Nf6 6. e5 d5 7. Bb5 Ng4 8. Rxh5 Bg7 9. d4 f6 10. Bf4 Qa5+ 11. Nc3 a6 12. Bxc6+ bxc6 13. Qd2 Qb4 14. O-O-O cxd4 15. Qxd4 Qxd4 16. Rxd4 Nxf2 17. exf6 Bxf6 18. Be5 Ng4 19. Na4 Nxe5 20. Nxe5 Rg8 21. Nb6 Rb8 22. Nxc8 Rxc8 23. Rg4 Rxg4 24. Nxg4 Bg7 25. Rxh7 Kf7 26. Rh3 Ke6 27. c3 Rg8 28. Nf2 Bf6 29. g4 Kd6 30. Kc2 c5 31. Rh6 a5 32. b3 Rg5 33. c4 Re5 34. Kd3 Kd7 35. cxd5 Rxd5+ 36. Kc4 Rd2 37. Nd3 Rxa2 38. Nxc5+ Ke8 39. Ne4 Rg2 40. Nxf6+ exf6 41. Rxf6 Rxg4+ 42. Kb5 Rb4+ 1/2-1/2

[Event "Sparkassen-Open A"]
[Site "Heusenstamm, Martinsee"]
[Date "2025.11.21"]
[Round "3.26"]
[White "Spiric, Igor"]
[Black "Özdemir, Ali Özden"]
[Result "1/2-1/2"]
[WhiteElo "2174"]
[BlackElo "2049"]
[PlyCount "114"]
[EventDate "2025.11.20"]
[WhiteTeam "SC Diogenes e.V."]
[BlackTeam "SK Langen"]

1. d4 Nf6 2. c4 g6 3. Nc3 Bg7 4. e4 d6 5. f3 O-O 6. Be3 c5 7. dxc5 dxc5 8. Qxd8 Rxd8 9. Bxc5 Nc6 10. Nge2 Nd7 11. Ba3 Nde5 12. Nf4 b6 13. Nfd5 e6 14. Nc7 Rb8 15. f4 Ng4 16. e5 Ncxe5 17. fxe5 Bxe5 18. N7b5 a6 19. Be2 h5 20. Na7 Nxh2 21. Rxh2 Bxh2 22. Nc6 Bb7 23. Nxd8 Rxd8 24. Bf3 Bxf3 25. gxf3 Rd4 26. c5 bxc5 27. Bxc5 Rc4 28. Be3 Rb4 29. O-O-O h4 30. Ne4 Be5 31. b3 h3 32. Rd8+ Kg7 33. Bc5 Rb8 34. Rxb8 Bxb8 35. Kd2 g5 36. Nf2 h2 37. Ke2 Bg3 38. Nh1 Bc7 39. b4 Kf6 40. Be3 Bd6 41. a3 Kf5 42. Bf2 g4 43. fxg4+ Kxg4 44. Bc5 Bb8 45. Ke3 f5 46. a4 Bf4+ 47. Ke2 Bb8 48. b5 axb5 49. axb5 Kf4 50. Kf2 Ke4 51. Kg2 Kd5 52. Bf2 Kc4 53. b6 Kb5 54. Bg3 Bxg3 55. Nxg3 h1=Q+ 56. Kxh1 Kxb6 57. Kg2 Kc5 1/2-1/2

[Event "Sparkassen-Open A"]
[Site "Heusenstamm, Martinsee"]
[Date "2025.11.21"]
[Round "3.27"]
[White "Eichschmied, Patrick"]
[Black "Sheng, Ming"]
[Result "0-1"]
[WhiteElo "1998"]
[BlackElo "2178"]
[PlyCount "80"]
[EventDate "2025.11.20"]
[WhiteTeam "MTV Ingolstadt"]
[BlackTeam "SVG Saarbrücken 1970 e.V."]

1. e4 c6 2. d4 d5 3. e5 Bf5 4. Nf3 e6 5. Be2 c5 6. c3 Nc6 7. O-O Bg6 8. Be3 cxd4 9. Nxd4 Nxe5 10. Qa4+ Nd7 11. c4 Ngf6 12. Nc3 a6 13. cxd5 exd5 14. Bf3 Bd6 15. Nxd5 Nxd5 16. Bxd5 O-O 17. Bf3 Nc5 18. Qd1 Re8 19. Rc1 Nd3 20. Rc3 Nc5 21. Re1 Ne4 22. Rc1 Qa5 23. a3 Rad8 24. Qe2 h6 25. Red1 Qe5 26. g3 Qf6 27. Bg2 Be5 28. Qc4 Re7 29. Nf3 Nd6 30. Nxe5 Nxc4 31. Rxd8+ Kh7 32. Nxg6 fxg6 33. Rxc4 Rxe3 34. fxe3 Qxd8 35. Rd4 Qc7 36. Rb4 b5 37. Be4 Qc1+ 38. Kf2 Qd2+ 39. Kg1 Qxe3+ 40. Kg2 a5 0-1

[Event "Sparkassen-Open A"]
[Site "Heusenstamm, Martinsee"]
[Date "2025.11.21"]
[Round "3.28"]
[White "Feldmann, Johannes"]
[Black "Mukazhanov, Mansur"]
[Result "1-0"]
[WhiteElo "2175"]
[BlackElo "2007"]
[PlyCount "77"]
[EventDate "2025.11.20"]
[WhiteTeam "SV Worms 1878"]
[BlackTeam "SG Trier 1877 e.V."]

1. c4 e6 2. Nf3 Nf6 3. g3 d5 4. d4 Be7 5. Bg2 O-O 6. O-O c5 7. cxd5 exd5 8. Nc3 Nc6 9. Bg5 c4 10. Ne5 Be6 11. b3 cxb3 12. axb3 h6 13. Bxf6 Bxf6 14. Nxc6 bxc6 15. Na4 Qe7 16. Qd2 Rfb8 17. Nc5 Rb5 18. Rfe1 Rab8 19. Ra4 Bc8 20. e3 Qc7 21. Bf1 R5b6 22. Qa2 Ra8 23. Ra1 Bf5 24. Rxa7 Rxa7 25. Qxa7 Qxa7 26. Rxa7 Bc2 27. Ra6 Rxa6 28. Bxa6 Be7 29. Bb7 Bxc5 30. dxc5 Bxb3 31. Bxc6 Kf8 32. Kf1 Ke7 33. Ke2 Bc4+ 34. Kd2 Kd8 35. Kc3 Kc7 36. Be8 Ba2 37. Kd4 f6 38. Bf7 Kc6 39. e4 1-0

[Event "Sparkassen-Open A"]
[Site "Heusenstamm, Martinsee"]
[Date "2025.11.21"]
[Round "3.29"]
[White "Mandalka, Justus"]
[Black "Kather, Yannick"]
[Result "1-0"]
[WhiteElo "2006"]
[BlackElo "2153"]
[PlyCount "81"]
[EventDate "2025.11.20"]
[WhiteTeam "SK Bad Homburg 1927"]
[BlackTeam "SV Mattnetz Berlin e.V."]

1. e4 c5 2. Nf3 Nc6 3. d4 cxd4 4. Nxd4 g6 5. c4 Nf6 6. Nc3 d6 7. Be2 Nxd4 8. Qxd4 Bg7 9. Be3 O-O 10. Qd2 a5 11. O-O Bd7 12. f3 Bc6 13. Rfd1 a4 14. b4 axb3 15. axb3 Rxa1 16. Rxa1 Bxe4 17. fxe4 Nxe4 18. Nxe4 Bxa1 19. b4 Bg7 20. Nc3 Qa8 21. Nd5 Qa1+ 22. Bf1 Re8 23. Nb6 Bc3 24. Qd5 Be5 25. Qxb7 Qe1 26. Qf3 Qxb4 27. Qc6 Rd8 28. Nd5 Qe1 29. Nxe7+ Kg7 30. Qe4 Qd1 31. Nc6 Rc8 32. Nxe5 dxe5 33. c5 h5 34. c6 f5 35. Qd3 Qxd3 36. Bxd3 f4 37. Bb6 e4 38. Ba6 e3 39. c7 Ra8 40. c8=Q e2 41. Qc3+ 1-0

[Event "Sparkassen-Open A"]
[Site "Heusenstamm, Martinsee"]
[Date "2025.11.21"]
[Round "3.30"]
[White "Lauer, Marius"]
[Black "Faulhaber, Tobias"]
[Result "1-0"]
[WhiteElo "2151"]
[BlackElo "1906"]
[PlyCount "93"]
[EventDate "2025.11.20"]
[WhiteTeam "SK Kaiserslautern 1905"]
[BlackTeam "SC Schifferstadt"]

1. Nf3 d5 2. e3 c5 3. c4 e6 4. Nc3 Nc6 5. cxd5 exd5 6. Bb5 Nf6 7. Ne5 Qc7 8. d4 Bd7 9. Nxd7 Qxd7 10. O-O Bd6 11. e4 cxd4 12. Nxd5 O-O 13. Nxf6+ gxf6 14. Qh5 Kh8 15. Rd1 Rg8 16. Rd3 Qg4 17. Qxg4 Rxg4 18. Bxc6 bxc6 19. Rxd4 Be5 20. Ra4 Rd8 21. Be3 Bxb2 22. Rb1 Be5 23. h3 Rgg8 24. Rxa7 Kg7 25. g3 Bd4 26. Bxd4 Rxd4 27. Rbb7 Rf8 28. Re7 Kg6 29. Rac7 Rc4 30. Kg2 Rc3 31. a4 Rc4 32. Kf3 Rxa4 33. Rxc6 Kg7 34. Rcc7 Ra2 35. g4 Ra3+ 36. Kg2 Kg6 37. f3 Rb3 38. Kg3 Ra3 39. Kf4 Ra5 40. Red7 Rb5 41. Rc6 Kg7 42. Rdd6 f5 43. gxf5 Rb3 44. Rd1 Ra8 45. Rg1+ Kf8 46. Rh6 Raa3 47. Rg3 1-0

[Event "Sparkassen-Open A"]
[Site "Heusenstamm, Martinsee"]
[Date "2025.11.21"]
[Round "3.31"]
[White "Karpasyuk, Yevgen"]
[Black "Klein, Levent"]
[Result "1/2-1/2"]
[WhiteElo "1957"]
[BlackElo "2142"]
[PlyCount "125"]
[EventDate "2025.11.20"]
[WhiteTeam "SAbt TuS Makkabi Ffm"]
[BlackTeam "SK Kaiserslautern 1905"]

1. e4 c6 2. d4 d5 3. exd5 cxd5 4. Bd3 Nc6 5. c3 Nf6 6. Bf4 Bg4 7. Qb3 Qc8 8. Nd2 e6 9. Ngf3 Be7 10. O-O O-O 11. Rfe1 Bh5 12. Ne5 a6 13. a4 Bg6 14. Nxg6 hxg6 15. Nf3 Na5 16. Qc2 Nc4 17. Ne5 Nxe5 18. Bxe5 Qd7 19. Qe2 Bd6 20. Qf3 Qe7 21. Qg3 Bxe5 22. Qxe5 Rab8 23. a5 b5 24. axb6 Rxb6 25. Qe2 Rfb8 26. b4 Qc7 27. Ra3 Rc6 28. Qb2 Qb7 29. Rea1 Ne4 30. f3 Nd6 31. Rxa6 Nc4 32. Bxc4 Rxc4 33. R1a3 Qc8 34. b5 e5 35. dxe5 d4 36. e6 fxe6 37. b6 dxc3 38. Qc2 Qc5+ 39. Kf1 Kh7 40. b7 Qf5 41. Ra2 Rxb7 42. Qxf5 exf5 43. Rc2 Rb2 44. Rc1 c2 45. Ke2 g5 46. Rd6 g4 47. Kd3 Rc5 48. fxg4 fxg4 49. Rd4 g3 50. Rh4+ Kg6 51. hxg3 Rb3+ 52. Kd4 Rg5 53. Rxc2 Rb4+ 54. Kc3 Rxh4 55. gxh4 Rc5+ 56. Kd3 Rxc2 57. Kxc2 Kh5 58. g3 Kg4 59. Kd2 Kxg3 60. Ke2 g6 61. h5 gxh5 62. Kf1 Kh2 63. Kf2 1/2-1/2

[Event "Sparkassen-Open A"]
[Site "Heusenstamm, Martinsee"]
[Date "2025.11.21"]
[Round "3.32"]
[White "Peter, Laurenz"]
[Black "Windmüller, Simon"]
[Result "0-1"]
[WhiteElo "1896"]
[BlackElo "2137"]
[PlyCount "118"]
[EventDate "2025.11.20"]
[WhiteTeam "SPORTGEM Kaarst 1912/35"]
[BlackTeam "SV 1926 Riegelsberg"]

1. d4 Nf6 2. Nf3 g6 3. c4 Bg7 4. Nc3 d5 5. Bg5 Ne4 6. Bh4 Nxc3 7. bxc3 dxc4 8. Qa4+ Nd7 9. e3 O-O 10. Qxc4 c5 11. dxc5 Qa5 12. Rc1 Re8 13. Nd4 Nxc5 14. Qb5 Qxb5 15. Bxb5 Bd7 16. Bxd7 Nxd7 17. Nb5 Be5 18. Ke2 a6 19. Nd4 Rac8 20. Rhd1 Nc5 21. Nf3 Bg7 22. c4 Ne4 23. Nd4 Nd6 24. c5 Ne4 25. c6 b5 26. f3 Nd6 27. a4 e5 28. Nb3 Nc4 29. axb5 axb5 30. Rd5 Nxe3 31. Rxb5 Nxg2 32. Bg3 h5 33. Kf2 Nf4 34. Bxf4 exf4 35. Rc2 Be5 36. Rb7 Kg7 37. Kg2 Re6 38. Rb6 g5 39. h3 Kg6 40. Ra6 f5 41. Re2 Kf7 42. Nc5 Re7 43. Nd7 Bf6 44. Rxe7+ Bxe7 45. Ra7 Ke6 46. Ra6 Bd6 47. Kf2 g4 48. hxg4 fxg4 49. Rb6 Ra8 50. Rb2 Ra3 51. fxg4 hxg4 52. Re2+ Kf5 53. Rd2 g3+ 54. Kf1 f3 55. Rd1 Ra2 56. Rc1 Rf2+ 57. Kg1 Rg2+ 58. Kf1 Rh2 59. Kg1 f2+ 0-1

[Event "Sparkassen-Open A"]
[Site "Heusenstamm, Martinsee"]
[Date "2025.11.21"]
[Round "3.33"]
[White "Hilzinger, Markus"]
[Black "Morgenroth, Fabian"]
[Result "1/2-1/2"]
[WhiteElo "2102"]
[BlackElo "1816"]
[PlyCount "51"]
[EventDate "2025.11.20"]
[WhiteTeam "SC Pforzheim 1906"]
[BlackTeam "SC Turm Breuberg"]

1. c4 Nf6 2. Nf3 e6 3. g3 d5 4. d4 Be7 5. Bg2 O-O 6. O-O Nbd7 7. Qc2 a5 8. Bf4 c6 9. Nbd2 b6 10. e4 Ba6 11. Rfd1 Nxe4 12. Nxe4 dxe4 13. Ne5 Nxe5 14. dxe5 Qc7 15. Qxe4 Rad8 16. Qxc6 Qxc6 17. Bxc6 Bxc4 18. b3 Bd5 19. Bxd5 Rxd5 20. Rxd5 exd5 21. Rd1 Rd8 22. Kf1 h6 23. h4 Bc5 24. Ke2 Kf8 25. Be3 Ke7 26. f4 1/2-1/2

[Event "Sparkassen-Open A"]
[Site "Heusenstamm, Martinsee"]
[Date "2025.11.21"]
[Round "3.34"]
[White "Hoffmann, Christian"]
[Black "Vranckx, Oscar"]
[Result "0-1"]
[WhiteElo "1891"]
[BlackElo "2073"]
[PlyCount "58"]
[EventDate "2025.11.20"]
[WhiteTeam "SAbt BKA Wiesbaden"]
[BlackTeam "Sfr.Mainz 1928"]

1. e4 e6 2. d4 d5 3. e5 c5 4. c3 Nc6 5. Nf3 Bd7 6. Be3 cxd4 7. Bxd4 Nge7 8. Bd3 Ng6 9. O-O Be7 10. g3 Qc7 11. Qe2 f5 12. Bxf5 exf5 13. e6 Bc8 14. Bxg7 Rg8 15. Bd4 Nf4 16. Qe3 Nxe6 17. Re1 Rg6 18. c4 f4 19. Qd3 Ncxd4 20. Nxd4 Qxc4 21. Qxc4 dxc4 22. Nb5 Bd7 23. N1c3 a6 24. Rxe6 axb5 25. Rxg6 hxg6 26. Nd5 Bd8 27. Nxf4 Kf7 28. a3 Bc6 29. Re1 Bf6 0-1